| 000 | 00479nam a2200181 a 4500 | ||
|---|---|---|---|
| 005 | 20140412111425.0 | ||
| 008 | 080205s19uu xx 00 eng d | ||
| 020 | _a0-394-88668-2 | ||
| 050 |
_aER _bNo78 2003 |
||
| 100 | _aCole, Joanna | ||
| 245 |
_aNorma Jean, Jumping Bean / _cJoanna Cole. |
||
| 260 |
_aU.S.A : _bRandom house, _c2003. |
||
| 300 | _a48p. | ||
| 440 | _aStep into reading 3 | ||
| 650 |
_aJumping _xFiction |
||
| 650 |
_aKangaroos _xFiction |
||
| 999 |
_c106189 _d106189 |
||